000
00276nam a2200109 a 4500
005
20200930080339.0
008
120402s2012 000 spa d
020
_a
9789945410648
245
3
_a
La revolución de abril 1965.
260
_a
Santo Domingo,
_c
2012.
999
_c
36893
_d
36893
040
_a
DO-SdBNP